Shahrukh Khan (SRK) films - Bollywood - Statistics

General Stats
  • This quiz has been taken 462 times
    458 since last reset
  • The average score is 32 of 91
Answer Stats
Begins with Answer % Correct
K Kuch Kuch Hota Hai
88%
D Dilwale Dulhania Le Jayenge
82%
K Kabhi Khushi Kabhie Gham
82%
O Om Shanti Om
79%
D Dilwale
78%
B Baazigar
76%
K Kal Ho Na Ho
75%
C Chennai Express
73%
D Don
69%
H Happy New Year
69%
Z Zero
66%
R Ra.One
65%
D Don - The Chase Begins Again
63%
J Jab Tak Hai Jaan
63%
K Kabhi Alvida Naa Kehna
63%
M Main Hoon Na
63%
M My Name Is Khan
63%
D Devdas
60%
M Mohabbatein
60%
C Chak De! India
59%
R Raees
59%
S Swades
58%
D Darr
57%
K Karan Arjun
57%
V Veer-Zaara
57%
D Dil Se
55%
F Fan
54%
B Baadshah
53%
D Dil To Pagal Hai
52%
R Rab Ne Bana Di Jodi
52%
J Jab Harry Met Sejal
50%
C Chalte Chalte
48%
D Duplicate
47%
D Dear Zindagi
44%
Y Yes Boss
44%
D Deewana
43%
P Pardes
43%
A Asoka
39%
B Billu
38%
J Josh
38%
A Anjaam
35%
P Phir Bhi Dil Hai Hindustani
34%
K Kabhi Haan Kabhi Naa
33%
K Koyla
33%
P Paheli
33%
K Koochie Koochie Hota Hai
31%
C Chamatkar
30%
A Ae Dil Hai Mushkil
29%
O One 2 Ka 4
27%
R Ram Jaane
27%
H Hum Tumhare Hain Sanam
25%
R Raju Ban Gaya Gentleman
25%
B Bhootnath
22%
C Chaahat
19%
M Maya Memsaab
19%
G Guddu
17%
K Kaal
17%
K King Uncle
17%
S Shakti: The Power
17%
T Trimurti
17%
A Army
16%
D Dulha Mil Gaya
16%
H Heyy Babyy
16%
H Hey Ram
15%
Z Zamaana Deewana
15%
D Dil Aashna Hai
14%
E English Babu Desi Maam
14%
O Oh Darling Yeh Hai India
14%
T Tubelight
14%
S Saathiya
13%
H Har Dil Jo Pyar Karega
12%
K Krazzy 4
11%
L Luck By Chance
11%
B Bhootnath Returns
10%
D Dushman Duniya Ka
9%
Y Yeh Lamhe Judaai Ke
9%
B Bombay Talkies
8%
P Pehla Nasha
8%
A Achanak
7%
A Alag
7%
A Always Kabhi Kabhi
7%
I I See You
7%
S Silsiilay
7%
G Gudgudee
6%
K Kismat Konnection
5%
L Love Breakups Zindagi
3%
S Shahrukh Bola "Khoobsurat Hai Tu"
3%
S Shaurya
3%
G Gajja Gamini
2%
T Tutak Tutak Tutiya
2%
A Anokha
1%
No matching quizzes found
Score Distribution
Percent of People with Each Score
Percentile by Number Answered
Your Score History
You have not taken this quiz since the last reset